00405nam a2200133Ia 4500008004100000082001600041100002300057245002800080260002000108600002000128942000700148952009900155999001700254241002s9999 xx 000 0 und d a335.422 DAN aDaniels, Robert V. 4aThe Nature of Communism aNew York:c1962 aSocial Sciences cUC 00104070aUITUbUITUd1994-01-01l0o335.422 DANpUC197r2024-10-02 09:31:11w2024-10-02yUC c18524d18524